000
00317nam a2200133Ia 4500
003
OSt
005
20240214170247.0
008
170524s9999 xx 000 0 und d
020
_a
9788177222609
040
_c
IIMT UNIVERSITY MEERUT
100
_a
BEIZER BORIS
245
0
_a
SOFTWARE TESTING TECHNIQUES
942
_2
ddc
_c
02
999
_c
4452
_d
4452